00685cam a22001814a 4500020001500000040000800015082002600023100001800049245008600067246004400153250001700197260006200214300002100276650001500297856005800312856006500370856006800435 a0312281242 cDLC00a395 THO 2001 A010 Or.1 aMorgan, John,10aDebrett's new guide to etiquette & modern manners :bthe indispensable handbook /3 aNew guide to etiquette & modern manners a1st U.S. ed. aNew York :bThomas Dunne Books/St. Martin's Press,c2001. a371 p. ;c25 cm. 0aEtiquette.42uhttp://www.loc.gov/catdir/bios/hol054/2001040946.html42uhttp://www.loc.gov/catdir/description/hol042/2001040946.html41uhttp://www.loc.gov/catdir/enhancements/fy1013/2001040946-s.html